Scheduling construction projects : (Record no. 7877)
[ view plain ]
| 000 -LEADER | |
|---|---|
| fixed length control field | 00861nac a22002291u 4500 |
| 010 ## - LIBRARY OF CONGRESS CONTROL NUMBER | |
| LC control number | 2004015326 |
| 020 ## - INTERNATIONAL STANDARD BOOK NUMBER | |
| International Standard Book Number | 0131148702 |
| 082 00 - DEWEY DECIMAL CLASSIFICATION NUMBER | |
| Classification number | 690.0685 |
| Item number | WEB |
| 090 ## - LOCALLY ASSIGNED LC-TYPE CALL NUMBER (OCLC); LOCAL CALL NUMBER (OCLC) | |
| -- | 7877 |
| -- | 7877 |
| 100 ## - MAIN ENTRY--PERSONAL NAME | |
| Personal name | Weber, Sandra Christen |
| 245 10 - TITLE STATEMENT | |
| Title | Scheduling construction projects : |
| Remainder of title | principles and practices / |
| Statement of responsibility, etc | Sandra Christensen Weber. |
| 260 ## - PUBLICATION, DISTRIBUTION, ETC. (IMPRINT) | |
| Place of publication, distribution, etc | Upper Saddle River, N.J. : |
| Name of publisher, distributor, etc | Pearson Prentice Hall, |
| Date of publication, distribution, etc | c2005. |
| 300 ## - PHYSICAL DESCRIPTION | |
| Extent | 333 p. : |
| Other physical details | ill. ; |
| Dimensions | 25 cm. |
| 500 ## - GENERAL NOTE | |
| General note | distributer: Baccah |
| 504 ## - BIBLIOGRAPHY, ETC. NOTE | |
| Bibliography, etc | Includes bibliographical references (p. 9) and index. |
| 511 ## - PARTICIPANT OR PERFORMER NOTE | |
| Participant or performer note | catalogued by: wessam |
| 650 #0 - SUBJECT ADDED ENTRY--TOPICAL TERM | |
| Topical term or geographic name as entry element | Building industry |
| General subdivision | Management. |
| 650 #0 - SUBJECT ADDED ENTRY--TOPICAL TERM | |
| Topical term or geographic name as entry element | Building |
| General subdivision | Superintendence. |
| 650 #0 - SUBJECT ADDED ENTRY--TOPICAL TERM | |
| Topical term or geographic name as entry element | Production scheduling. |
| 856 41 - ELECTRONIC LOCATION AND ACCESS | |
| Materials specified | Table of contents |
| Uniform Resource Identifier | <a href="http://www.loc.gov/catdir/toc/ecip0419/2004015326.html">http://www.loc.gov/catdir/toc/ecip0419/2004015326.html</a> |
| 942 ## - ADDED ENTRY ELEMENTS (KOHA) | |
| Item type | NB - Book (Non borrowing) |
| Call number prefix | 690.0685WEB |
| Withdrawn status | Item status | Damaged status | Not for loan | Home library | Current library | Shelving location | Date acquired | Source of acquisition | Total Checkouts | Full call number | Barcode | Date last seen | Koha item type | Total Renewals | Date last borrowed |
|---|---|---|---|---|---|---|---|---|---|---|---|---|---|---|---|
| Central Library | Central Library | First floor | 07/10/2010 | Purchase | 690.0685WEB | 000006308 | 15/07/2025 | Book - Borrowing | |||||||
| Central Library | Central Library | First floor | 08/02/2011 | Purchase | 1 | 690.0685WEB | 000009520 | 15/07/2025 | Book - Borrowing | 8 | 02/10/2014 | ||||
| Central Library | Central Library | First floor | 08/02/2011 | Purchase | 690.0685WEB | 000009518 | 15/07/2025 | NB - Book (Non borrowing) |